My congenials (Record no. 118382)

MARC details
000 -LEADER
fixed length control field 00607nam a2200205Ia 4500
003 - CONTROL NUMBER IDENTIFIER
control field OSt
005 - DATE AND TIME OF LATEST TRANSACTION
control field 20251210144209.0
008 - FIXED-LENGTH DATA ELEMENTS--GENERAL INFORMATION
fixed length control field 220917b |||||||| |||| 00| 0 eng d
020 ## - INTERNATIONAL STANDARD BOOK NUMBER
International Standard Book Number 0 207 16925 X (pbk)
037 ## - SOURCE OF ACQUISITION
Terms of availability TB
040 ## - CATALOGING SOURCE
Original cataloging agency ARTS
Transcribing agency ARTS
Language of cataloging eng
041 ## - LANGUAGE CODE
Source of code eng
Language code of text/sound track or separate title eng
100 ## - MAIN ENTRY--PERSONAL NAME
Personal name Roe Jill Ed.
9 (RLIN) 11936
245 #0 - TITLE STATEMENT
Title My congenials
Remainder of title Niles Franklin & friends in lettars
260 ## - PUBLICATION, DISTRIBUTION, ETC.
Place of publication, distribution, etc. London
Name of publisher, distributor, etc. Angus & Roberson UK
Date of publication, distribution, etc. 1993
300 ## - PHYSICAL DESCRIPTION
Extent xxvii, 384p.
Dimensions cm.
490 ## - SERIES STATEMENT
Volume/sequential designation Vol. 1
942 ## - ADDED ENTRY ELEMENTS (KOHA)
Classification part O111,3M79w, N3.1-.2
Koha item type Textbook
Source of classification or shelving scheme Colon Classification (CC)
Suppress in OPAC No
Holdings
Withdrawn status Lost status Source of classification or shelving scheme Damaged status Not for loan Home library Current library Date acquired Serial Enumeration / chronology Total Checkouts Full call number Barcode Date last seen Price effective from Koha item type
    Colon Classification (CC)     Arts Library Arts Library 2022-09-18 Vol. 1   O111,3M79w N3.1 AL1071730 2022-09-18 2022-09-18 Textbook
    Colon Classification (CC)     Arts Library Arts Library 2025-12-10 Vol.2   O111,3M79w N3.2 AL1071731 2025-12-10 2025-12-10 Textbook
Copyright @ Delhi University Library System